| 000 | 02438cam a2200445 i 4500 | ||
|---|---|---|---|
| 999 |
_c845 _d845 |
||
| 001 | 18875038 | ||
| 003 | GZU | ||
| 005 | 20200915101830.0 | ||
| 008 | 151130s2015 sa b 000 0 eng d | ||
| 010 | _a 2015466492 | ||
| 020 | _a9781928309000 | ||
| 020 | _z9781928309017 (pdf e-book) | ||
| 035 | _a(OCoLC)ocn921829605 | ||
| 040 |
_aOI@ _cOI@ _dOCLCO _dZ@L _dOCLCO _dCLU _dOI@ _dOCLCF _dOCLCO _dDLC |
||
| 042 | _alccopycat | ||
| 043 | _af------ | ||
| 050 | 0 | 0 |
_aHQ18.A35 _bCON 2015 |
| 245 | 0 | 0 |
_aContested intimacies : _bsexuality, gender and the law in Africa / _cedited by Derrick Higginbotham, Victoria Collis-Buthelezi. |
| 264 | 1 |
_aCape Town, South Africa : _bSiber Ink in association with IAPO and Centre for African Studies, _c2015. |
|
| 300 |
_axix, 84 pages ; _c25 cm. |
||
| 336 |
_atext _btxt _2rdacontent |
||
| 337 |
_aunmediated _bn _2rdamedia |
||
| 338 |
_avolume _bnc _2rdacarrier |
||
| 490 | 0 | _aCelebrating Africa series | |
| 500 | _aIncludes bibliographical references. | ||
| 504 | _aIncludes bibliographical references. | ||
| 505 | 0 | _aIntroduction: Imagining intersections: sexuality, gender, law, and the politics of solidarities / Victoria Collis-Buthelezi and Derrick Higginbotham -- The limit(s) of the law: human rights and the emancipation of sexual minorities on the African continent / Pierre de Vos -- Protecting the 'traditional heterosexual family'? the state and anti-homosexuality legislation in Uganda / Angelo Kakande -- Unshackling women's sexuality? miniskirts, the law, and the media in Uganda / Amanda Tumusiime and Juliet Kiguli -- On miniskirts and hegemonic masculinity: the ideology of deviant feminine sexuality in anti-homosexuality and decency laws / Barbara Boswell -- Afterword: Sexing the law and legislating gendered sexualities / Stella Nyanzi. | |
| 650 | 0 |
_aSex _xSocial aspects _zAfrica. |
|
| 650 | 0 |
_aSex _xPolitical aspects _zAfrica. |
|
| 650 | 0 |
_aPatriarchy _zAfrica. |
|
| 650 | 0 |
_aHuman rights _zAfrica. |
|
| 650 | 0 |
_aHomosexuality _xLaw and legislation _zAfrica. |
|
| 700 | 1 |
_aHigginbotham, Derrick, _eeditor. |
|
| 700 | 1 |
_aCollis-Buthelezi, Victoria, _eeditor. |
|
| 710 | 2 |
_aUniversity of Cape Town. _bCentre for African Studies. |
|
| 710 | 2 |
_aUniversity of Cape Town. _bInternational Academic Programmes Office. |
|
| 906 |
_a7 _bcbc _ccopycat _d3 _encip _f20 _gy-gencatlg |
||
| 942 |
_2lcc _cBK _h18.A35 _iCON _kHQ |
||